| 000 | 00782nam a2200205 i 4500 | ||
|---|---|---|---|
| 001 | 40270 | ||
| 003 | ES-MaACL | ||
| 005 | 20230906160158.0 | ||
| 007 | t| | ||
| 008 | 030305s1877 ddr ||||1| ger d | ||
| 100 | 1 |
_aCarriere, Moriz. _935744 |
|
| 245 | 1 | 0 |
_aHellas und Rom in Religion und Weisheit, Dichtung und Kunst _b: ein Beitrag zur Geschichte des menschlichen Geistes / von Moriz Carriere. |
| 250 | _a3ยช ed. | ||
| 260 |
_aLeipzig : _bBrockhaus, _c1877. |
||
| 300 |
_aXVI, 653 p. ; _c23 cm. |
||
| 490 | 1 |
_aDie Kunst im Zusammenhang der Culturentwickelung und die Ideale der Menschheit ; _v2 |
|
| 830 | 0 |
_aDie Kunst im Zusammenhang der Culturentwickelung und die Ideale der Menschheit ; _v2 _9181846 |
|
| 852 |
_aES-MaACL _jZ-208 _xOlim: G-2604 |
||
| 999 |
_c40270 _d40270 |
||